Boris célèbres - Statistiques

Statistiques générales
  • Ce quiz a été pris 69 fois
  • Le résultat moyen est 4 sur 8
Statistiques - réponses
Descriptif Réponse % Correct
Écrivain, poète et musicien français auteur de J'irai cracher sur vos tombes et L'Écume des jours. Vian
97%
Premier ministre britannique de 2019 à 2022, il est l'un des principaux acteurs du Brexit. Johnson
80%
Président de Russie de 1991 à 1999, auquel succédera Vladimir Poutine. Eltsine
71%
Joueur de tennis allemand surnommé "Boum-Boum" et ayant remporté 6 tournois du Grand Chelem. Becker
68%
Basketteur franco-sénégalais ayant toujours privilégié le jeu collectif à ses statistiques personnelles. Diaw
48%
Chambellan d'Ivan le Terrible avant de devenir tsar de Russie en 1598, il est éponyme d'une tragédie de Pouchkine et d'un opéra de Moussorgski. Godounov
27%
Psychiatre et psychanaliste français auteur de livres grand public traitant de psychologie et de récits de vie. Cyrulnik
23%
Écrivain russe prix Nobel de littérature en 1958 et auteur du livre Le Docteur Jivago. Pasternak
18%
Aucun quiz correspondant
Distribution des résultats
% des personnes avec chaque résultat
Percentile par nombre de réponses
Votre historique - résultats
Vous n’avez pas pris ce quiz